[Event "Mecklenburg VP-ch Seniors op 09th"]
[Site "Binz"]
[Date "2009.12.03"]
[Round "3.39"]
[White "Rieck, Helmut"]
[Black "Fanenbruck, Guenter"]
[Result "1-0"]
[WhiteElo "1748"]
[BlackElo "1541"]
[PlyCount "77"]
[EventDate "2009.12.01"]
[EventType "swiss"]
[EventRounds "9"]
[EventCountry "GER"]
[SourceTitle "EXT 2022"]
[Source "ChessBase"]
[SourceDate "2021.10.06"]
[SourceVersion "1"]
[SourceVersionDate "2021.10.06"]
[SourceQuality "1"]

1. e4 e5 2. Nc3 Nf6 3. f4 exf4 4. e5 Ng8 5. Nf3 d6 6. d4 dxe5 7. dxe5 Qxd1+ 8. Kxd1 Bg4 9. Nd5 Bxf3+ 10. gxf3 Kd8 11. Bxf4 c6 12. Nc3 f5 13. Bd3 g6 14. Kd2 Bh6 15. Bxh6 Nxh6 16. Rhe1 Ke7 17. Rad1 Nd7 18. b4 b5 19. a4 a6 20. a5 Nf8 21. Ne2 Ne6 22. Kc1 Rhd8 23. c3 Rd7 24. Bb1 Rad8 25. Ba2 Rxd1+ 26. Rxd1 Rxd1+ 27. Kxd1 Nf7 28. Nd4 Nfd8 29. Bxe6 Nxe6 30. Nxc6+ Kf7 31. Kd2 Nc7 32. Kd3 Ke6 33. Kd4 Nd5 34. Nd8+ Kd7 35. Kxd5 Kxd8 36. c4 bxc4 37. Kxc4 f4 38. b5 axb5+ 39. Kxb5 1-0

[Event "Schleswig Holstein-ch Seniors 62nd"]
[Site "Itzehoe"]
[Date "2007.04.06"]
[Round "9"]
[White "Lund, Hans Hermann"]
[Black "Fanenbruck, Guenter"]
[Result "1-0"]
[WhiteElo "1726"]
[BlackElo "1577"]
[PlyCount "49"]
[EventDate "2007.03.31"]
[EventType "swiss"]
[EventRounds "9"]
[EventCountry "GER"]
[SourceTitle "EXT 2010"]
[Source "ChessBase"]
[SourceDate "2010.11.25"]
[SourceVersion "1"]
[SourceVersionDate "2010.11.25"]
[SourceQuality "1"]

1. e4 d6 2. d4 Nf6 3. Nc3 Nbd7 4. Nf3 e5 5. Bg5 Be7 6. Bc4 c6 7. a3 a5 8. b4 b5 9. Ba2 Qc7 10. d5 Nxd5 11. Nxd5 cxd5 12. Qxd5 f6 13. Qf7+ Kd8 14. Bd2 Bf8 15. 0-0 a4 16. c4 Nb6 17. Qxc7+ Kxc7 18. cxb5 Bb7 19. Rac1+ Kd7 20. Be3 Nc8 21. Nd2 Be7 22. f3 Rd8 23. Nc4 Ke8 24. Na5 Rd7 25. Be6 1-0

[Event "Schleswig Holstein-ch Seniors 62nd"]
[Site "Itzehoe"]
[Date "2007.04.01"]
[Round "2"]
[White "Fanenbruck, Guenter"]
[Black "Janssen, Helmut"]
[Result "1-0"]
[WhiteElo "1577"]
[BlackElo "1830"]
[PlyCount "40"]
[EventDate "2007.03.31"]
[EventType "swiss"]
[EventRounds "9"]
[EventCountry "GER"]
[SourceTitle "EXT 2010"]
[Source "ChessBase"]
[SourceDate "2010.11.25"]
[SourceVersion "1"]
[SourceVersionDate "2010.11.25"]
[SourceQuality "1"]

1. e4 c5 2. Nf3 d6 3. c3 Nc6 4. d4 cxd4 5. cxd4 Bg4 6. d5 Bxf3 7. gxf3 Ne5 8. Qa4+ Nd7 9. Bh3 a6 10. Bxd7+ Qxd7 11. Qxd7+ Kxd7 12. Be3 b5 13. Nd2 Rc8 14. Ke2 Nf6 15. Rac1 e5 16. Rxc8 Kxc8 17. Rc1+ Kb7 18. Nb3 Be7 19. Na5+ Ka8 20. Rc6 Bd8 1-0

[Event "Schleswig Holstein-ch Seniors 60th"]
[Site "Germany"]
[Date "2005.10.10"]
[Round "?"]
[White "Kolander, Juergen"]
[Black "Fanenbruck, Guenter"]
[Result "1/2-1/2"]
[WhiteElo "1592"]
[BlackElo "1583"]
[PlyCount "101"]
[EventDate "2005.10.10"]
[EventType "swiss"]
[EventRounds "9"]
[EventCountry "GER"]
[SourceTitle "EXT 2010"]
[Source "ChessBase"]
[SourceDate "2010.11.25"]
[SourceVersion "1"]
[SourceVersionDate "2010.11.25"]
[SourceQuality "1"]

1. e4 e5 2. Nf3 d6 3. d4 exd4 4. Nxd4 Be7 5. Nc3 c6 6. Qf3 Nd7 7. Nf5 Bf8 8. Bf4 Ne5 9. Qg3 Qf6 10. 0-0-0 Bxf5 11. exf5 Qxf5 12. Be2 0-0-0 13. Bxe5 Qxe5 14. Qxe5 dxe5 15. Bg4+ Kc7 16. Rxd8 Kxd8 17. Rd1+ Ke8 18. Bc8 h5 19. Bxb7 Rh6 20. Re1 Re6 21. f4 Bb4 22. Rxe5 Rxe5 23. Bxc6+ Ke7 24. fxe5 Bxc3 25. bxc3 Ke6 26. Kd2 Kxe5 27. Ke3 f5 28. g3 g5 29. c4 Nf6 30. h3 h4 31. gxh4 gxh4 32. Bf3 Nd7 33. Bc6 Nc5 34. Bf3 a5 35. Bc6 Na6 36. c3 Nc5 37. Bf3 Na4 38. Kd2 Nc5 39. Ke3 Ne6 40. Bd5 Nf4 41. Bh1 Nxh3 42. c5 Nf4 43. c6 Ne6 44. Bg2 Kd6 45. c4 Ke5 46. Bf1 f4+ 47. Kd3 Nc5+ 48. Ke2 Ne6 49. Kd3 Nc7 50. Bg2 Ne6 51. Kc3 1/2-1/2

[Event "Bayern-ch Seniors 17th"]
[Site "Schloss Schney"]
[Date "2005.06.17"]
[Round "8"]
[White "Scheuerlein, Gerhard"]
[Black "Fanenbruck, Guenter"]
[Result "1-0"]
[WhiteElo "1696"]
[BlackElo "1583"]
[PlyCount "51"]
[EventDate "2005.06.10"]
[EventType "swiss"]
[EventRounds "9"]
[EventCountry "GER"]
[SourceTitle "EXT 2006"]
[Source "ChessBase"]
[SourceDate "2005.11.24"]
[SourceVersion "1"]
[SourceVersionDate "2005.11.24"]
[SourceQuality "1"]

1. Nf3 c5 2. c4 Nf6 3. Nc3 Nc6 4. g3 g6 5. Bg2 Bg7 6. 0-0 0-0 7. Rb1 d6 8. a3 Ng4 9. d3 Rb8 10. h3 Nge5 11. Nh2 Be6 12. Nd5 Bd7 13. f4 e6 14. Nc3 Qc8 15. fxe5 Bxe5 16. Ng4 Bxg3 17. Bh6 f5 18. Bxf8 Qxf8 19. Qd2 Qg7 20. Nh6+ Kh8 21. Ne4 Nd4 22. Ng5 Rf8 23. e3 Nb3 24. Nhf7+ Rxf7 25. Nxf7+ Qxf7 26. Qc3+ 1-0

[Event "Bayern-ch Seniors 17th"]
[Site "Schloss Schney"]
[Date "2005.06.16"]
[Round "7"]
[White "Pietruske, Siegfried"]
[Black "Fanenbruck, Guenter"]
[Result "1-0"]
[WhiteElo "1795"]
[BlackElo "1583"]
[PlyCount "39"]
[EventDate "2005.06.10"]
[EventType "swiss"]
[EventRounds "9"]
[EventCountry "GER"]
[SourceTitle "EXT 2006"]
[Source "ChessBase"]
[SourceDate "2005.11.24"]
[SourceVersion "1"]
[SourceVersionDate "2005.11.24"]
[SourceQuality "1"]

1. e4 e5 2. Nf3 d6 3. Nc3 Nf6 4. d3 Be7 5. h3 0-0 6. Be3 c6 7. Ne2 Qc7 8. Ng3 Re8 9. c3 d5 10. Qc2 Nbd7 11. Be2 Bf8 12. 0-0 g6 13. Nh2 Bc5 14. d4 Bd6 15. Ng4 Nxg4 16. Bxg4 Nf6 17. Bxc8 Raxc8 18. dxe5 Bxe5 19. f4 d4 20. cxd4 1-0

[Event "Bayern-ch Seniors 17th"]
[Site "Schloss Schney"]
[Date "2005.06.15"]
[Round "6"]
[White "Fanenbruck, Guenter"]
[Black "Mueller, Helmut1111"]
[Result "0-1"]
[WhiteElo "1583"]
[BlackElo "1873"]
[PlyCount "36"]
[EventDate "2005.06.10"]
[EventType "swiss"]
[EventRounds "9"]
[EventCountry "GER"]
[SourceTitle "EXT 2006"]
[Source "ChessBase"]
[SourceDate "2005.11.24"]
[SourceVersion "1"]
[SourceVersionDate "2005.11.24"]
[SourceQuality "1"]

1. e4 c5 2. Nf3 d6 3. c3 Nf6 4. Be2 g6 5. d4 cxd4 6. Qc2 dxc3 7. Nxc3 Nc6 8. a3 Bg7 9. 0-0 0-0 10. Re1 Bg4 11. Be3 Rc8 12. Nd2 Bxe2 13. Rxe2 Ng4 14. Nb3 Nxe3 15. Rxe3 Ne5 16. Rd1 Qc7 17. Qe2 Qc4 18. Qxc4 Nxc4 0-1

[Event "Bayern-ch Seniors 17th"]
[Site "Schloss Schney"]
[Date "2005.06.14"]
[Round "5"]
[White "Fanenbruck, Guenter"]
[Black "Fritsch, Wolfgang"]
[Result "1/2-1/2"]
[WhiteElo "1583"]
[BlackElo "1757"]
[PlyCount "43"]
[EventDate "2005.06.10"]
[EventType "swiss"]
[EventRounds "9"]
[EventCountry "GER"]
[SourceTitle "EXT 2006"]
[Source "ChessBase"]
[SourceDate "2005.11.24"]
[SourceVersion "1"]
[SourceVersionDate "2005.11.24"]
[SourceQuality "1"]

1. e4 e5 2. Nf3 Nc6 3. Nc3 Nf6 4. d4 exd4 5. Nxd4 Bb4 6. Nxc6 bxc6 7. Bd3 0-0 8. 0-0 Re8 9. Qf3 d5 10. exd5 Bg4 11. Qg3 Bd6 12. Bf4 Bxf4 13. Qxf4 cxd5 14. Nb5 Re7 15. Rfe1 c6 16. Nd6 Be6 17. c4 Rd7 18. c5 Qc7 19. Qh4 h6 20. Re3 Ne8 21. Rg3 Nxd6 22. cxd6 1/2-1/2

[Event "Bad Woerishofen Seniors op 21st"]
[Site "Bad Woerishofen"]
[Date "2005.03.07"]
[Round "5"]
[White "Malik, Rosemarie"]
[Black "Fanenbruck, Guenter"]
[Result "0-1"]
[WhiteElo "1335"]
[BlackElo "1569"]
[PlyCount "54"]
[EventDate "2005.03.03"]
[EventType "swiss"]
[EventRounds "9"]
[EventCountry "GER"]
[SourceTitle "EXT 2006"]
[Source "ChessBase"]
[SourceDate "2005.11.24"]
[SourceVersion "1"]
[SourceVersionDate "2005.11.24"]
[SourceQuality "1"]

1. e4 e5 2. Nf3 d6 3. Nc3 Be7 4. d3 c6 5. Bd2 Nf6 6. h3 0-0 7. Be2 Na6 8. 0-0 Ne8 9. Qc1 f5 10. Bg5 f4 11. Bxe7 Qxe7 12. a3 Nac7 13. Re1 Ne6 14. b4 Ng5 15. Qd1 Nxf3+ 16. Bxf3 Qg5 17. Kh2 Nc7 18. Rg1 Qh4 19. Qe2 Ne6 20. g3 Qh6 21. h4 Nd4 22. Qd1 fxg3+ 23. fxg3 Nxf3+ 24. Kg2 Nxg1 25. Kxg1 Qe3+ 26. Kh1 Qxg3 27. Qd2 Rf2 0-1

[Event "Bayern-ch Seniors 16th"]
[Site "Schloss Schney"]
[Date "2004.06.10"]
[Round "5"]
[White "Fanenbruck, Guenter"]
[Black "Reichwald, Klaus Dieter"]
[Result "0-1"]
[WhiteElo "1544"]
[BlackElo "1670"]
[PlyCount "66"]
[EventDate "2004.06.06"]
[EventType "swiss"]
[EventRounds "9"]
[EventCountry "GER"]
[SourceTitle "EXT 2006"]
[Source "ChessBase"]
[SourceDate "2005.11.24"]
[SourceVersion "1"]
[SourceVersionDate "2005.11.24"]
[SourceQuality "1"]

1. e4 d6 2. d4 Nf6 3. Nc3 g6 4. Nf3 Bg7 5. Be3 0-0 6. Be2 Nc6 7. 0-0 e5 8. Qd2 Qe8 9. d5 Ne7 10. Bg5 a6 11. a4 Nd7 12. Bh6 f6 13. Bxg7 Kxg7 14. b4 g5 15. Nxg5 fxg5 16. Qxg5+ Ng6 17. Ra3 Qe7 18. Qxe7+ Nxe7 19. Nd1 Nf6 20. Rg3+ Kh8 21. Nc3 Bd7 22. f4 exf4 23. Rxf4 Ng6 24. Rf1 Ne5 25. a5 Rae8 26. Rf4 Re7 27. b5 axb5 28. Bxb5 Bxb5 29. Nxb5 Ng6 30. Rf1 Nxe4 31. Rxf8+ Nxf8 32. Re3 Ng6 33. Nd4 Nc5 0-1

[Event "Wch Seniors 12th"]
[Site "Naumburg"]
[Date "2002.10.23"]
[Round "3"]
[White "Fanenbruck, Guenter"]
[Black "Luecke, Volkmar"]
[Result "1/2-1/2"]
[WhiteElo "1557"]
[BlackElo "1890"]
[PlyCount "77"]
[EventDate "2002.10.21"]
[EventType "swiss"]
[EventRounds "11"]
[EventCountry "GER"]
[SourceTitle "EXT 2006"]
[Source "ChessBase"]
[SourceDate "2005.11.24"]
[SourceVersion "1"]
[SourceVersionDate "2005.11.24"]
[SourceQuality "1"]

1. e4 e6 2. d4 d5 3. Nd2 dxe4 4. Nxe4 Nd7 5. Bd3 Ngf6 6. Nxf6+ Nxf6 7. Nf3 c5 8. 0-0 Qb6 9. c3 Bd7 10. Ne5 cxd4 11. Nxd7 Nxd7 12. Qa4 a6 13. cxd4 Qb4 14. Bc2 Rc8 15. Be3 Qxa4 16. Bxa4 b5 17. Bb3 Be7 18. Rac1 0-0 19. Rxc8 Rxc8 20. Rc1 Rxc1+ 21. Bxc1 Nb6 22. Bf4 Nd5 23. Bxd5 exd5 24. f3 f5 25. Kf2 Kf7 26. Be5 g6 27. Ke2 Ke6 28. g4 h5 29. h3 a5 30. b3 a4 31. Kd3 Bf6 32. Bf4 Be7 33. Be5 Kd7 34. Bf4 Kc6 35. Bd2 Bd6 36. Ba5 Bg3 37. Bd8 Kd7 38. Bf6 Ke6 39. Bd8 1/2-1/2

[Event "Wch Seniors 12th"]
[Site "Naumburg"]
[Date "2002.10.22"]
[Round "2"]
[White "Flores Escuin, Sadurni"]
[Black "Fanenbruck, Guenter"]
[Result "1-0"]
[WhiteElo "2078"]
[BlackElo "1557"]
[PlyCount "69"]
[EventDate "2002.10.21"]
[EventType "swiss"]
[EventRounds "11"]
[EventCountry "GER"]
[SourceTitle "EXT 2006"]
[Source "ChessBase"]
[SourceDate "2005.11.24"]
[SourceVersion "1"]
[SourceVersionDate "2005.11.24"]
[SourceQuality "1"]

1. e4 c5 2. Nf3 Nc6 3. d4 cxd4 4. Nxd4 Nf6 5. Nc3 e5 6. Ndb5 d6 7. Bg5 a6 8. Na3 b5 9. Bxf6 gxf6 10. Nd5 f5 11. Bd3 Be6 12. c3 Bxd5 13. exd5 Ne7 14. Qh5 Qd7 15. 0-0-0 e4 16. Be2 Bg7 17. Nc2 Rc8 18. Qg5 Rg8 19. Qe3 Rc5 20. Nb4 Qc8 21. Kb1 Qb7 22. Qh3 a5 23. Nc6 b4 24. cxb4 axb4 25. Nxe7 Qxe7 26. Qxf5 Qf6 27. Qxf6 Bxf6 28. g3 b3 29. axb3 Ke7 30. Rhe1 Ra8 31. Bc4 Rca5 32. Rxe4+ Kf8 33. Kc2 Ra1 34. Rxa1 Rxa1 35. b4 1-0

[Event "Mecklenburg VP-ch Seniors 2nd"]
[Site "Sparow"]
[Date "2002.09.19"]
[Round "7"]
[White "Gottschalk, Juergen"]
[Black "Fanenbruck, Guenter"]
[Result "1-0"]
[WhiteElo "1342"]
[BlackElo "1631"]
[PlyCount "79"]
[EventDate "2002.09.??"]
[EventType "swiss"]
[EventRounds "9"]
[EventCountry "GER"]
[SourceTitle "EXT 2006"]
[Source "ChessBase"]
[SourceDate "2005.11.24"]
[SourceVersion "1"]
[SourceVersionDate "2005.11.24"]
[SourceQuality "1"]

1. e4 c5 2. Nf3 Nc6 3. Nc3 a6 4. a3 d6 5. h3 Nf6 6. Bc4 e6 7. d3 h6 8. Bd2 Be7 9. 0-0 b5 10. Ba2 Bb7 11. Re1 Qc7 12. Ne2 d5 13. exd5 exd5 14. Nf4 0-0-0 15. Ne2 Bd6 16. Qc1 Ne5 17. Nxe5 Bxe5 18. Rb1 g5 19. c3 g4 20. hxg4 Nxg4 21. Bf4 Bxf4 22. Qxf4 Qxf4 23. Nxf4 c4 24. d4 Rde8 25. Rbd1 Nf6 26. Bb1 Kc7 27. Bf5 Rxe1+ 28. Rxe1 Re8 29. Rxe8 Nxe8 30. Nh5 Bc8 31. Bxc8 Kxc8 32. f3 Kd7 33. Kf2 Ke6 34. Ke3 Nf6 35. Ng7+ Ke7 36. Nf5+ Kf8 37. Nxh6 Kg7 38. Nf5+ Kg6 39. g4 Ne8 40. Ne7+ 1-0